000
00331nam a22001457a 4500
999
_c
257059
_d
257058
003
OSt
005
20180731101915.0
008
180731b xxu||||| |||| 00| 0 eng d
020
_a
978-0-425-22288-1
040
_c
n/a
100
_a
Robin Cook
245
_a
Critical
260
_a
New York
_b
Berkley Books
_c
2007
942
_2
lcc
_c
BK